| 000 | 00591nam a22001937a 4500 | ||
|---|---|---|---|
| 008 | 171129s1996 bh||||| |||| 00| 0 eng d | ||
| 082 | 0 | 4 |
_a861.728.2 _bM985b |
| 100 | 1 |
_aMusa, Yasser. _96124 |
|
| 245 | 1 | 4 |
_aThe Belize city poem / _cYasser Musa ; introducción por Jules Vasquez. |
| 250 | _a1a edición. | ||
| 260 |
_aBelice : _bFactory Books, _c1996. |
||
| 300 | _a13 páginas. | ||
| 653 | 1 | 0 | _aLiteratura |
| 653 | 1 | 0 | _aLiteratura Centroamericana |
| 653 | 1 | 0 | _aPoesía - Belice |
| 653 | 1 | 0 | _aLiteratura Latinoamericana |
| 653 | 1 | 0 | _aArtistas visuales |
| 700 | 1 |
_aVasquez, Jules. _96125 |
|
| 999 |
_c1377 _d1377 |
||